Представление документа в формате RUSMARC

Поле Инд. ПП Название Значение
Тип записи a
Библиографический уровень a
001 Контрольный номер e5844e1b6c5b422cb2f733232e1ed5f8
005 Дата корректировки 20200129134801.8
100 a Данные общей обработки 20190924 ||| 0rusy0189 ca
101 0_ a Язык текста rus
102 a Страна публикации RU
200 1_ f Первые сведения об ответственности М.А. Рожкова
a Заглавие Характеристики больших данных, значимые для целей гражданского права
b Общее обозначение материала Текст
210 1_ d Дата издания 2019
461 _0 1 2000
a Хозяйство и право
463 _0 1 2000
a № 6
v С. 21-28
1 2101
d 2019
1 001d04db9f94ba3476484a8aba38c9ea60d
606 a Основная рубрика Информационное право
610 0_ a Ключевые слова ИНФОРМАЦИЯ
a Ключевые слова ИНФОРМАЦИОННО-КОММУНИКАЦИОННЫЕ ТЕХНОЛОГИИ
a Ключевые слова ПЕРСОНАЛЬНЫЕ ДАННЫЕ
700 _1 a Фамилия Рожкова
b Имя М.А.
801 _0 a Страна RU
b Организация РГУП
c Дата составления 20190924
g Правила каталогизации PSBO
801 _1 a Страна RU
b Организация РГУП
c Дата составления 20190924
g Правила каталогизации PSBO
901 t Тип документа b
w Контрольный № источника d04db9f94ba3476484a8aba38c9ea60d
905 a Дата ввода 20190924